00549nam a2200145 a 4500008004100000050001400041100001800055245002700073260003200100300002200132350000900154995009300163999001700256952013000273120416s1966 ||||||||||||||||| || u aQL 47 Wei aWeisz, Paul B14aThe science of zoology aNew YorkbMcGraw-Hillc1966 axix, 875p. : ill. a0.00 D0.00FCBU-MAIN LIBRARY (Kitwe)H1I4.80M1UDAMAGEDZMain Library Open Access Collection c57113d57113 00102lcc4070a001b001cMain Library Open Access Collectiond2022-11-30l0oQL 47 Weip014701r2022-11-30w2022-11-30y002